Statistics for Scottish Premiership Table by Points Per Game

Click here to take the quiz!

General Stats

  • This quiz has been taken 115 times
    (66 since last reset)
  • The average score is 9 of 16

Answer Stats

Club% Correct
Celtic
100%
Rangers
98%
Aberdeen
96%
Hibernian
91%
{St} {Johnstone}
75%
{Inverness} {Caledonian} {Thistle}
60%
{Heart} {of} {Midlothian}*
55%
Motherwell
53%
{Dundee} {United}
49%
{St} {Mirren}
49%
Dundee
35%
{Ross} {County}
35%
Kilmarnock
33%
Livingston
25%
{Hamilton} {Academical}
24%
{Partick} {Thistle}
24%

Score Distribution

Percentile by Number Answered

Percent of People with Each Score

Your Score History

You have not taken this quiz since the last reset